Η συμβολή της τοπικής αυτοδιοίκησης στην ανάπτυξη μορφών κοινωνικής οικονομίας [και] κοινωνικής επιχειρηματικότητας : μεταπτυχιακή εργασία

Αποθηκεύτηκε σε:
Λεπτομέρειες βιβλιογραφικής εγγραφής
Κύριος συγγραφέας: Κάβουρας, Αθανάσιος
Συγγραφή απο Οργανισμό/Αρχή: Πανεπιστήμιο Αιγαίου Σχολή Κοινωνικών Επιστημών Τμήμα Κοινωνιολογίας Μεταπτυχιακό Πρόγραμμα Σπουδών Έρευνα για την Τοπική Κοινωνική Ανάπτυξη και Συνοχή
Άλλοι συγγραφείς: Ναγόπουλος, Νίκος (Εισηγητής διατριβής)
Μορφή: Thesis Βιβλίο
Γλώσσα:Greek
Δημοσίευση: 2011
Θέματα:
Διαθέσιμο Online:http://hdl.handle.net/11610/11903
Ετικέτες: Προσθήκη ετικέτας
Δεν υπάρχουν, Καταχωρήστε ετικέτα πρώτοι!

MARC

LEADER 00000cam a2200000 i 4500
001 1/35185
008 130822s2011 gre d
035 |l 10115414 
040 |a GR-MY-UA  |b gre  |e aacr 
041 0 |a gre 
082 0 |a 338.9  |2 (22) 
100 1 |a Κάβουρας, Αθανάσιος. 
245 1 2 |a Η συμβολή της τοπικής αυτοδιοίκησης στην ανάπτυξη μορφών κοινωνικής οικονομίας [και] κοινωνικής επιχειρηματικότητας :  |b μεταπτυχιακή εργασία /  |c Κάβουρας Αθανάσιος ; επιβλέπων καθηγητής: Ναγόπουλος Νικόλαος 
260 |c 2011 
300 |a 238 σ.;  |b πίν.;  |c 30 εκ. 
500 |a Βιβλιογραφία: σ. 176-180, παράρτημα 
502 |a Διατριβή (μεταπτυχιακή) – Πανεπιστήμιο Αιγαίου, Λέσβος, 2011. 
650 0 0 |a Local government  |z Greece  |z Lesbos Island. 
650 0 0 |a Business and politics  |z Greece. 
650 0 0 |a Business enterprises  |z Greece  |z Lesbos Island. 
650 0 0 |a Dissertations, Academic  |z Greece. 
700 1 |4 ths  |a Ναγόπουλος, Νίκος. 
710 2 |a Πανεπιστήμιο Αιγαίου  |b Σχολή Κοινωνικών Επιστημών  |b Τμήμα Κοινωνιολογίας  |b Μεταπτυχιακό Πρόγραμμα Σπουδών Έρευνα για την Τοπική Κοινωνική Ανάπτυξη και Συνοχή. 
852 |a INST  |b LESVOS  |c DIATR  |e 20130822  |h 181  |p 005100053029  |q 005100053029  |t MTXE  |y 23 
852 |a INST  |b LESVOS  |c DIATR  |e 20130822  |h 182  |p 005100053028  |q 005100053028  |t MTXE  |y 23 
856 |u http://hdl.handle.net/11610/11903 
901 |a BIBL1-2013-2 
909 |a Λ  |b 173752 
909 |a Λ  |b 173751 
924 |a ΚΑΒΟΥΡΑΣ  |b ΑΘΑΝΑΣΙΟΣ  |y ΛΕΣΒΟΣ  |z 2012-01 
970 |a ΤΖΑΦΕΡΗ  |b ΕΥΑΓΓΕΛΙΑ  |z 2013/08/24